00309nam a2200097Ia 4500008004100000020002200041245006000063260004900123300002000172500001900192200626s9999 xx 000 0 und d a978-1-921342-09-7 aMicrosoft project 2007 module 1:bProfessional series:/ aAustralia :bWatsonia Software Pty Ltdc2008 aviii, 300 pages aIncludes Index